Statistics for Top 10 Least Fragile African Countries

Click here to take the quiz!

General Stats

  • This quiz has been taken 200 times
  • The average score is 6 of 10

Answer Stats

ScoreCountry% Correct
71.1South Africa
90%
66.6Cape Verde
71%
55.2Seychelles
70%
70.1Tunisia
70%
38.9Mauritius
67%
59.5Botswana
65%
66.4Namibia
58%
71.1São Tomé and Príncipe
55%
65.9Ghana
47%
70.5Gabon
39%

Score Distribution

Percentile by Number Answered

Percent of People with Each Score

Your Score History

You have not taken this quiz